000 00850cam a22002653a 4500
001 3835
003 PGUSA
005 20140828083039.0
008 030301s2003||||xxu|||||s|||||000 | eng d
040 _aPGUSA
_beng
042 _adc
050 4 _aML
100 1 _aWagner, Richard,
_d1813-1883
245 1 0 _aCorrespondence of Wagner and Liszt — Volume 1
_h[electronic resource] /
_cRichard Wagner
260 _bProject Gutenberg,
_c2003
500 _aTranslation of Briefwechsel zwischen Wagner und Liszt.
506 _aPublic domain in the USA.
516 _aElectronic text
653 _aLiszt, Franz, 1811-1886 -- Correspondence
653 _aWagner, Richard, 1813-1883 -- Correspondence
700 1 _aHueffer, Francis,
_d1843-1889
830 0 _aProject Gutenberg
_v3835
856 4 0 _uhttp://www.gutenberg.org/ebooks/3835
942 _cEB
999 _c233164
_d233164